| 000 | 01126 a2200181 4500 | ||
|---|---|---|---|
| 003 | Nust | ||
| 005 | 20241002175955.0 | ||
| 040 | _cNust | ||
| 082 | _a621.3,CHR | ||
| 100 |
_aChristie, Clarence V. _9101238 |
||
| 245 |
_aElectrical engineering : _bthe theory and characteristics of electrical circuits and machinery / _cClarence V. Christie |
||
| 250 | _a6th ed. | ||
| 260 |
_aNew York _bMcgraw Hill _c1954 |
||
| 300 | _a675:p | ||
| 505 | _aElectrostatics (Page-1), Magnetism and Electro kinetics (Page-51), Electric Circuits (Page-81), Alternating Current Circuits (Page-106), Complex Alternating Current Waves (Page-165), Polyphase Alternating Current Circuits (Page-177), Directs Current Machinery (Page-192), Design of a Direct Current Generator (Page-282), Synchronous Machinery (Page-307), Design of Alternating Current Generators and Motors (Page-390), Transformers (Page-417), Converters (Page-479), Induction Motors (Page-508), Alternating Current Gas Commentator Motors (Page-568), Transmission Systems (Page-580), Symmetrical Components (Page-639). | ||
| 600 |
_aClarence v christie _9101239 |
||
| 942 |
_2ddc _cBK |
||
| 999 |
_c180237 _d180237 |
||